000 00431nam a2200145Ia 4500
008 100415s9999 xx 000 0 und d
082 _b19916
100 _aNatural Histoty Mueum Of Los Angles Country
245 _aContribution Of Science
260 _aCALIFORNIA
_c1985
_bNatural History Museum Of Los Angeles Country
365 _b0
630 _aContribution Of Science
730 _aContribution Of Science
942 _cBOOK
999 _c602813
_d602810